|
|
|
|
| LEADER |
01299nam a2200361Ia 4500 |
| 001 |
EBC1322869 |
| 003 |
MiAaPQ |
| 005 |
20200520144314.0 |
| 006 |
m o d | |
| 007 |
cr cn||||||||| |
| 008 |
130801s2013 enk s 000 0 eng d |
| 020 |
|
|
|z 9781781907863
|
| 020 |
|
|
|z 9781781907870
|
| 035 |
|
|
|a (MiAaPQ)EBC1322869
|
| 035 |
|
|
|a (Au-PeEL)EBL1322869
|
| 035 |
|
|
|a (CaPaEBR)ebr10739177
|
| 035 |
|
|
|a (CaONFJC)MIL506091
|
| 035 |
|
|
|a (OCoLC)854521536
|
| 040 |
|
|
|a MiAaPQ
|c MiAaPQ
|d MiAaPQ
|
| 050 |
|
4 |
|a HB615
|b .E67 2013
|
| 082 |
0 |
4 |
|a 658.7
|2 23
|
| 245 |
0 |
0 |
|a Entrepreneurial marketing
|h [electronic resource] :
|b global perspectives /
|c edited by Zubin Sethna, Rosalind Jones, Paul Harrigan.
|
| 260 |
|
|
|a Bradford :
|b Emerald Group Publishing Limited,
|c 2013.
|
| 300 |
|
|
|a xxvi, 297 p.
|
| 533 |
|
|
|a Electronic reproduction. Ann Arbor, MI : ProQuest, 2015. Available via World Wide Web. Access may be limited to ProQuest affiliated libraries.
|
| 650 |
|
0 |
|a Entrepreneurship.
|
| 650 |
|
0 |
|a Marketing.
|
| 655 |
|
4 |
|a Electronic books.
|
| 700 |
1 |
|
|a Harrigan, Paul.
|
| 700 |
1 |
|
|a Jones, Rosalind
|c (Lecturer in marketing)
|
| 700 |
1 |
|
|a Sethna, Zubin.
|
| 710 |
2 |
|
|a ProQuest (Firm)
|
| 856 |
4 |
0 |
|u https://ebookcentral.proquest.com/lib/matrademy/detail.action?docID=1322869
|z Click to View
|